| 000 | 00000nas 2200000za 4500 |
| 001 | 9.502183 |
| 003 | CaOODSP |
| 005 | 20221107133043 |
| 007 | cr ||||||||||| |
| 008 | 150406d20042017qucar p o f0 b0fre|d |
| 022 | |a1701-6614 |
| 040 | |aCaOODSP|bfre |
| 043 | |an-cn--- |
| 086 | 1 |aTU1-2F-PDF |
| 245 | 00|aSommaire statistique des événements ferroviaires |h[ressource électronique]. |
| 260 | |aGatineau, Québec : |bBureau de la sécurité des transports du Canada, |c[2005-2017] |
| 310 | |aAnnuel |
| 362 | 1 |aParaît depuis 2004; ne paraît plus après 2017. |
| 500 | |aPubli. aussi en anglais sous le titre : Statistical summary, railway occurrences. |
| 500 | |aComprend des annexes (données 2004-2014). |
| 515 | |aLes livr. de 2012, 2016 et 2017 sont disponible en format HTML seulement. |
| 520 | 3 |aA pour objet de fournir un résumé des statistiques annuelles sur les événements ferroviaires aux personnes qui s’intéressent à la sécurité ferroviaire au Canada. Il vise uniquement les compagnies ferroviaires de compétence fédérale. |
| 691 | 07|aAccident ferroviaire|2gcpds |
| 710 | 2 |aBureau de la sécurité des transports du Canada. |
| 775 | 08|tStatistical summary, railway occurrences |w(CaOODSP)9.505778 |
| 776 | 0#|tSommaire statistique des événements ferroviaires |w(CaOODSP)9.514069 |
| 785 | 00|tSommaire statistique, événements de transport ferroviaire en … |w(CaOODSP)9.875418 |
| 856 | 4 |qHTML|ss.o.|uhttps://www.tsb.gc.ca/fra/stats/rail/stats.html |